<?xml version="1.0" encoding="UTF-8"?>
<resp>
  <nextPage>https://data.bn.org.pl/api/networks/bibs.marcxml?marc=001+b00001150003667&amp;sinceId=1150003668</nextPage>
  <collection>
    <record xmlns='http://www.loc.gov/MARC21/slim'><leader>00880namZa2200289ZiZ4500</leader><controlfield tag='001'>b00001150003667</controlfield><controlfield tag='005'>20241203215609.4</controlfield><controlfield tag='008'>230609s        pl           |000 0 pol c</controlfield><controlfield tag='009'>9913262202305606</controlfield><datafield ind1=' ' ind2=' ' tag='035'><subfield code='a'>KR_1KR_1_20120317225913082149-48omnis_kr</subfield></datafield><datafield ind1=' ' ind2=' ' tag='035'><subfield code='a'>KR_1_20120317225913082149</subfield><subfield code='9'>ExL</subfield></datafield><datafield ind1=' ' ind2=' ' tag='035'><subfield code='a'>(PL)b00001150003667</subfield></datafield><datafield ind1=' ' ind2=' ' tag='040'><subfield code='a'>KR_1</subfield><subfield code='c'>KR_1</subfield></datafield><datafield ind1='0' ind2=' ' tag='041'><subfield code='a'>pol</subfield></datafield><datafield ind1='1' ind2=' ' tag='100'><subfield code='a'>Rurawski, Józef</subfield></datafield><datafield ind1='1' ind2='0' tag='245'><subfield code='a'>Władysław Reymont /</subfield><subfield code='c'>Józef Rurawski.</subfield></datafield><datafield ind1=' ' ind2=' ' tag='260'><subfield code='a'>W-wa :</subfield><subfield code='b'>&quot;Wiedza Powszechna&quot;,</subfield><subfield code='c'>1977.</subfield></datafield><datafield ind1=' ' ind2=' ' tag='300'><subfield code='a'>481 s. :</subfield><subfield code='b'>il., portr. ;</subfield><subfield code='c'>20 cm.</subfield></datafield><datafield ind1='1' ind2=' ' tag='490'><subfield code='a'>Profile</subfield></datafield><datafield ind1=' ' ind2=' ' tag='500'><subfield code='a'>n</subfield></datafield><datafield ind1=' ' ind2=' ' tag='504'><subfield code='a'>Bibliogr. s. 478-[482].</subfield></datafield><datafield ind1='1' ind2='9' tag='600'><subfield code='a'>Reymont Władysław Stanisław</subfield></datafield><datafield ind1=' ' ind2='9' tag='650'><subfield code='a'>Literatura polska</subfield><subfield code='x'>historia</subfield><subfield code='y'>19-20 w.</subfield></datafield><datafield ind1=' ' ind2=' ' tag='852'><subfield code='b'>48OMNIS_NETWORK</subfield><subfield code='8'>9913262202305606</subfield></datafield><datafield ind1=' ' ind2=' ' tag='852'><subfield code='b'>48OMNIS_KR</subfield><subfield code='8'>991000036659708216</subfield></datafield></record>
  </collection>
</resp>
